Central Library OPAC University of Rajshahi

A father's curse and other stories / (Record no. 83018)

MARC details
000 -LEADER
fixed length control field 00716nam a2200229 a 4500
001 - CONTROL NUMBER
control field 83018
003 - CONTROL NUMBER IDENTIFIER
rucl marc code BD-RjUL
005 - DATE AND TIME OF LATEST TRANSACTION
control field 20240208144346.0
008 - FIXED-LENGTH DATA ELEMENTS--GENERAL INFORMATION
fixed length control field 240208s1901 enk 000 0 eng d
035 ## - SYSTEM CONTROL NUMBER
System control number (BD-RjUL)83018
040 ## - CATALOGING SOURCE
Original cataloging agency BGU
Language of cataloging eng
Transcribing agency BD-RjUL
041 1# - LANGUAGE CODE
Language code of text/sound track or separate title eng
082 ## - DEWEY DECIMAL CLASSIFICATION NUMBER
Edition number 23
Classification number 823.9
Author mark and year BAF 1901
100 1# - MAIN ENTRY--PERSONAL NAME
Personal name Balzac, Honoré de,
Dates associated with a name 1799-1850
9 (RLIN) 11577
245 12 - TITLE STATEMENT
Title A father's curse and other stories /
Statement of responsibility, etc. H. de Balzac ; translated by James Waring.
260 ## - PUBLICATION, DISTRIBUTION, ETC. (IMPRINT)
Place of publication, distribution, etc. London ;
-- New York :
Name of publisher, distributor, etc. J. M. Dent ;
-- Macmillan :
Date of publication, distribution, etc. 1901
300 ## - PHYSICAL DESCRIPTION
Pagination xii, 342 p.:
Illustrations illustrations ;
Size 17 cm.
500 ## - GENERAL NOTE
General note Part of : Comedie humaine
General note Translation of : L'enfant maudit
650 ## - SUBJECT ADDED ENTRY--TOPICAL TERM
Topical term or geographic name as entry element Short Stories
942 ## - ADDED ENTRY ELEMENTS (KOHA)
Source of classification or shelving scheme Dewey Decimal Classification
Koha item type Books
Holdings
Lost status Source of classification or shelving scheme Damaged status Not for loan Collection code Permanent Location Current Location Shelving location Date acquired Source of acquisition Total Checkouts Full call number Date last seen Copy number Koha item type
  Dewey Decimal Classification   Not For Loan Fiction Central Library, University of Rajshahi Central Library, University of Rajshahi Reading Room 14/03/1973 British Council   823.9 BAF 1901 08/02/2024 C-1 Books